Ex-ante hodnotenie operačného programu Bratislavský kraj (ERDF) 2007-2013 záverečná správa

Saved in:
Bibliographic Details
Main Author: Obuch, Martin
Other Authors: Šipikal, Miroslav, 1976-, Kovaľová, Dana, Rehák, Štefan, 1974-, Kozová, Mária, Pavličková, Katarína
Format: Book
Language:Slovak
Published: Bratislava 2007
Subjects:
Tags: Add Tag
No Tags, Be the first to tag this record!

MARC

LEADER 00000nam a2200000 4500
001 0124261
005 20240503085830.6
041 0 |a slo 
044 |a SK 
245 1 0 |a Ex-ante hodnotenie operačného programu Bratislavský kraj (ERDF) 2007-2013  |b záverečná správa  |c Zodpovedný riešiteľ: Martin Obuch 
264 1 |a Bratislava  |c 2007 
300 |a 22 s. 
610 2 0 |a analýza ekonomická 
610 2 0 |a kraje 
610 2 0 |a stratégia hospodárska 
610 2 0 |a prostredie životné 
100 1 |a Obuch, Martin 
700 1 |a Šipikal, Miroslav, 1976- 
700 1 |a Kovaľová, Dana 
700 1 |a Rehák, Štefan, 1974- 
700 1 |a Kozová, Mária 
700 1 |a Pavličková, Katarína